| Поле | Название | Значение |
| |
Тип записи |
a |
| |
Библиографический уровень |
m |
| 001 |
Контрольный номер |
4ae3d600fa564d92ae282161c61e383f |
| 005 |
Дата корректировки |
20161012102231.3 |
| 010 |
Индекс ISBN |
__ |
| a |
ISBN |
978-5-9916-3442-7 |
| 101 |
Язык документа |
0_ |
| a |
Язык текста |
rus |
| 102 |
Страна публикации |
__ |
| a |
Страна публикации |
RU |
| 200 |
Заглавие и сведения об ответственности |
1_ |
| a |
Заглавие |
Информационные технологии в менеджменте (управлении) |
| b |
Общее обозначение материала |
Текст |
| e |
Сведения, относящиеся к заглавию |
учеб. и практикум |
| f |
Первые сведения об ответственности |
под общ. ред. Ю.Д. Романовой |
| g |
Последующие сведения об ответственности |
Рос. экон. ун-т им. Г.В. Плеханова |
| 210 |
Выходные данные |
1_ |
| a |
Место издания |
М. |
| c |
Издательство |
Юрайт |
| d |
Дата издания |
2014 |
| 215 |
Физическое описание |
__ |
| a |
Объем |
477, [1] с. |
| 225 |
Серия |
2_ |
| a |
Серия |
Бакалавр. Базовый курс |
| 610 |
Ключевые слова |
0_ |
| a |
Ключевые слова |
информационные технологии |
| 610 |
Ключевые слова |
0_ |
| a |
Ключевые слова |
информационные ресурсы |
| 610 |
Ключевые слова |
0_ |
| a |
Ключевые слова |
информационный менеджмент |
| 610 |
Ключевые слова |
0_ |
| a |
Ключевые слова |
информационная безопасность |
| 610 |
Ключевые слова |
0_ |
| a |
Ключевые слова |
информационные системы |
| 610 |
Ключевые слова |
0_ |
| a |
Ключевые слова |
программное обеспечение |
| a |
Ключевые слова |
менеджмент |
| 686 |
Индексы других классификаций |
__ |
| a |
Классификационный индекс |
32.973.202я73 |
| 686 |
Индексы других классификаций |
__ |
| a |
Классификационный индекс |
65.050.2я73 |
| 702 |
Вторичная интеллектуальная ответственность |
_1 |
| a |
Фамилия |
Романова |
| b |
Имя |
Ю. Д. |
| e |
Роль лиц |
Редактор |
| 4 |
Код отношения |
340 |
| 711 |
Наименование организации. (Альтернативная ответственность) |
02 |
| a |
Организация/ юрисдикция |
Рос. экон. ун-т им. Г.В.Плеханова |
| 801 |
Источник записи |
_0 |
| a |
Страна |
RU |
| b |
Организация |
РУК |
| g |
Правила каталогизации |
PSBO |
| c |
Дата составления |
20160123 |
| 801 |
Источник записи |
_1 |
| a |
Страна |
RU |
| b |
Организация |
РУК |
| g |
Правила каталогизации |
PSBO |
| 852 |
Данные о местонахождении |
__ |
| i |
Авторский знак |
И 74 |
| j |
Шифр хранения |
ББК 32 |
| 901 |
Тип документа |
__ |
| t |
Тип документа |
m |
| 937 |
Технологическая информация |
__ |
| a |
Создатель записи (имя) |
Майорова |
| 938 |
Служебная информация |
__ |
| a |
Название организации |
Головной вуз |
| 952 |
Тип литературы |
__ |
| b |
Гриф литературы для ВШ |
гриф УМО |
| c |
Вид литературы |
учебник |
| c |
Вид литературы |
практикум |